| 000 | 00969nam a22002651u 4500 | ||
|---|---|---|---|
| 001 | 05791 | ||
| 003 | HDC | ||
| 007 | cr bn --- | ||
| 008 | 210121p xx fo d 00 engg | ||
| 040 | _aHDC | ||
| 100 |
_aMOHD AMRI BIN ABDULLAH JAKIM _96114 |
||
| 245 | 0 |
_a SHARIAH PRINCIPLES & REQUIREMENT PERTAINING TO HALAL (INCLUDING GELATINE ISSUES IN PHARMACEUTICAL) / _cby MOHD AMRI BIN ABDULLAH JAKIM |
|
| 260 |
_a[No place] : _b[publisher not identified] _c2011 |
||
| 300 |
_a50 pages : _bIllustrations |
||
| 336 |
_atext _2rdacontent |
||
| 337 |
_acomputer _2rdamedia |
||
| 338 |
_aonline resource _2rdacarrier |
||
| 650 |
_aHalal industry _9144 |
||
| 650 |
_aHalal Pharmaceutical _94162 |
||
| 650 |
_aHalal products _9642 |
||
| 856 | _zRequest full-text at [email protected] | ||
| 942 | _2lcc | ||
| 942 | _cSLIDE | ||
| 942 | _kSLID 000604 | ||
| 999 |
_c3115 _d3115 |
||